000 00753nam a2200229Ia 4500
003 OSt
005 20240509100432.0
008 210210b2005 xxu||||| |||| 00| 0 eng d
040 _cAL
041 _aKonkani
082 _a891.468 HEMA
100 _aHEMACHARYA Psued Stivan Ech Maskarenhas
_dಹೇಮಾಚಾರ್ಯ (ಸ್ಟೀವನ್ ಎಚ್ ಮಸ್ಕರೇನ್ಹಸ್)
_9163848
245 _aAmchi mati amchi manshyam
_b ಆಮ್ಚಿ ಮಾತಿ ಆಮ್ಚಿ ಮನ್ಶ್ಯಾಂ
260 _aKinnigoli
_bNot Mentioned
_c2005
300 _a108
650 _amati
_9163849
650 _amanshya
_9163850
650 _aAmchi
_9163851
690 _aKonkani Miscellaneous
_9163852
906 _a064049
942 _2ddc
_cBK
999 _c139321
_d139321